03176nam a2200565Ia 4500001000400000008004100004010000800045041001400053082002000067245015100087260002200238300000700260520000700267630002200274630001600296630001600312630001400328630002200342650002400364690001400388700002700402700003700429700002900466901007500495902000600570903003500576904001800611905003600629906000600665907001400671908001400685909004700699910001500746911001000761912001400771913000900785914002400794915001900818916000900837917000900846918001400855919003500869520164900904921000702553922000702560923000602567924001402573942001002587999001302597231241029s9999 xx 000 0 und d a203 aEspañol aTMGC12-0012BFEM 0aLas escuelas de Padres y Madre en el Nivel Inicial. Análisis del Rol de los Gestores en la Red. Educativa No.1, Distrito 10-06. Año 2011-2012. aDistrito Nacional a78 a30 aCalidad Educativa aEnseñanza aFormación aGestión aGestión Escolar aGestión Educativa aElaborado easesoraAvila, Casilda eautoraVásquez M., Aracelis E. eautoraAmador , Mercedes a{"1":"Vásquez M.","2":"Amador "}b{"1":"Aracelis E.","2":"Mercedes"} a1 a{"1":"Avila"}b{"1":"Casilda"} aMaestría en aGestión de Centros Educativos a2 aNO APLICA aNO APLICA aISFODOSU, Recinto Félix Evaristo Mejía aNULLbNULL a["1"] aNO APLICA aNULL a02 de Abril de 2012 a04/06/14 10:06 aNULL aNULL aNO APLICA a["29","202","200","111","201"] aLos principales propósitos de el estudio consistieron  en verificar en qué medida los/as gestores de los centro educativos, en el Nivel Inicial, han asumido la formación en las Escuelas de Padres Y Madres, analizar las estrategias de gestión de procesos que utilizan los gestores de los centros educativos del Nivel Inicial. El objetivo básico fue analizar el rol de los gestores en la formación y ejecución de las Escuelas de Padres y Madres de la Red No.1 del Nivel Inicial del Distrito Educativo 10-06.Esta investigación tuvo un carácter exploratorio y un alcance descriptivo, los métodos utilizados fueron el inductivo y el deductivo; las técnicas escogida fueron la entrevista, la encuesta y grupo focal. La población participante en este estudio fueron los centros pre-primario del Nivel inicial en la Red educativa No. 1, del Distrito Educativo 10-06 conformada por cuatro centros educativo, la muestra  tomada fue del 100% de los directores (4), los coordinadores (3)  y docentes (13), y un 10% del total de 500 padres y madres (50).El estudio concluye que existe  escuelas de Padres y Madres de la Red no.1, del Nivel inicial del Distrito 10-01,  constan de pocas estrategias que promuevan la participación de las Escuela de Padres y Madres, y la escasa incidencia que tienen  los gestores de los centros educativos en la integración de los padres y madres en el proceso.  El estudio propone que los gestores lleven a cabo estrategias de gestión  de procesos que permitan el fortalecimiento y la sostenibilidad del programa en la búsqueda de la integración de la comunidad a la escuela.  a16 a16 a0 aNO APLICA cTesis c203d203